00589nam a22001817a 450000500170000001000150001702000310003202000310006303500130009403700130010708200110012010000200013124501000015126000580025127000660030930000290037570000030040420100816141711.0 aENG-100697 a9788172086824(v.2)c116.00 a9788172086879(set)c116.00 aEN-84230 bDBAD/PUB a230.35 aSathya Sai Baba aPrema dhaara-2 :cby Sathya Sai Bababa collection of letters / messages from Sathya Sai Baba / aPrasanthi NilayambSri Sathya Sai Sadhana Trustc2009 aAnantapur District, Andhra PradeshbPrasanthi Nilayame515134 aV.2. 232 p. b24cm (Pbk)